Basic statistics for business & economics / (Record no. 468)

000 -LEADER
fixed length control field 01395cam a2200409 a 4500
003 - CONTROL NUMBER IDENTIFIER
control field CaOOAMICUS
005 - DATE AND TIME OF LATEST TRANSACTION
control field 20210614111929.0
008 - FIXED-LENGTH DATA ELEMENTS--GENERAL INFORMATION
fixed length control field 030428s2004 onca 001 0 eng
020 ## - INTERNATIONAL STANDARD BOOK NUMBER
International Standard Book Number 0070918651
040 ## - CATALOGING SOURCE
Transcribing agency CaOONL
050 ## - LIBRARY OF CONGRESS CALL NUMBER
Classification number HA29
Item number .B38 2004
055 01 - CLASSIFICATION NUMBERS ASSIGNED IN CANADA
Classification number HA29
055 #1 - CLASSIFICATION NUMBERS ASSIGNED IN CANADA
Classification number HA29
Item number B38 2004
090 ## - LOCALLY ASSIGNED LC-TYPE CALL NUMBER (OCLC); LOCAL CALL NUMBER (RLIN)
Classification number (OCLC) (R) ; Classification number, CALL (RLIN) (NR) 519.5 BAS
245 00 - TITLE STATEMENT
Title Basic statistics for business & economics /
Statement of responsibility, etc. Douglas A. Lind ... [and others].
250 ## - EDITION STATEMENT
Edition statement First Canadian edition
260 ## - PUBLICATION, DISTRIBUTION, ETC.
Place of publication, distribution, etc. Toronto :
Name of publisher, distributor, etc. McGraw-Hill Ryerson,
Date of publication, distribution, etc. c2004.
300 ## - PHYSICAL DESCRIPTION
Extent xvii, 530 pages :
Other physical details color illustrations ;
Dimensions 26 cm. +
Accompanying material 1 CD-ROM
336 ## - CONTENT TYPE
Content type term text
Content type code txt
Source rdacontent
337 ## - MEDIA TYPE
Media type term unmediated
Media type code n
Source rdamedia
338 ## - CARRIER TYPE
Carrier type term volume
Carrier type code nc
Source rdacarrier
500 ## - GENERAL NOTE
General note Previous eds. by Douglas A. Lind, William G. Marchal and Samuel A. Wathan.
500 ## - GENERAL NOTE
General note Includes index.
650 #0 - SUBJECT ADDED ENTRY--TOPICAL TERM
Topical term or geographic name entry element Social sciences
General subdivision Statistical methods.
650 #0 - SUBJECT ADDED ENTRY--TOPICAL TERM
Topical term or geographic name entry element Economics
General subdivision Statistical methods.
650 #0 - SUBJECT ADDED ENTRY--TOPICAL TERM
Topical term or geographic name entry element Industrial management
General subdivision Statistical methods.
650 #0 - SUBJECT ADDED ENTRY--TOPICAL TERM
Topical term or geographic name entry element Commercial statistics.
700 1# - ADDED ENTRY--PERSONAL NAME
Personal name Lind, Douglas A.
700 1# - ADDED ENTRY--PERSONAL NAME
Personal name Lind, Douglas A.
Title of a work Basic statistics for business and economics.
942 ## - ADDED ENTRY ELEMENTS (KOHA)
Source of classification or shelving scheme
Koha item type Book
Suppress in OPAC SO
948 ## - LOCAL PROCESSING INFORMATION (OCLC); SERIES PART DESIGNATOR (RLIN)
Series part designator, SPT (RLIN) 26/05/2005
b (OCLC) 04/05/2007
Holdings
Withdrawn status Lost status Source of classification or shelving scheme Damaged status Not for loan Permanent Location Current Location Shelving location Date acquired Total Checkouts Full call number Barcode Date last seen Copy number Koha item type Public note Price effective from
          AU LIBRARY AU LIBRARY Open Shelf 14.06.2021   HA29 .B38 2004 C1 28000112 14.06.2021 1 Book SO  
          AU LIBRARY AU LIBRARY Open Shelf 15.06.2021   HA29 .B38 2004 C2 28000113 15.06.2021 2 Book DO 15.06.2021

Powered by Koha